| 000 | 01929cam a2200385 4500500 | ||
|---|---|---|---|
| 005 | 20251228071259.0 | ||
| 041 | _afre | ||
| 042 | _adc | ||
| 100 | 1 | 0 |
_aTavier, Pascal _eauthor |
| 245 | 0 | 0 | _aMaisons de repos : instauration des projets de vie et intégration du travail social |
| 260 | _c2003. | ||
| 500 | _a76 | ||
| 520 | _aLa maison de repos ne doit plus être un milieu clos mais bien un milieu éclos. Elle doit être un « vivoir » plutôt qu'un « mouroir » pour reprendre les propos que tenait Alexandre Carlson. Dans cette optique, « le projet de vie » apparaît décisif et les concepts d'histoire de vie, de besoin et de potentiel seront précisés. Une telle perspective interroge la place et le rôle d'assistant social. | ||
| 520 | _aPASCAL TAVIER « Resting place : Development of life projects and social work » Resting places for the elderly should no longer be locked up houses . They should be blossoming places. They should be places where to live rather than places where to die, as Alexander Carlson once said. This is why is very to develop life projects and why concepts of history life needs and potentials must be defined. Such a view has an impact on the role and job of the social assistant. | ||
| 690 | _abesoin | ||
| 690 | _ademande | ||
| 690 | _aéorie de la continuité | ||
| 690 | _aésen | ||
| 690 | _agagement social | ||
| 690 | _ahistoire de vie | ||
| 690 | _amilieu social | ||
| 690 | _aôle | ||
| 690 | _apotentiel | ||
| 690 | _aprojet de vie | ||
| 690 | _ademand | ||
| 690 | _alife history | ||
| 690 | _aLife project | ||
| 690 | _aneed | ||
| 690 | _apotential | ||
| 690 | _arole change | ||
| 690 | _asocial casting out | ||
| 690 | _asocial circle | ||
| 786 | 0 | _nPensée plurielle | 6 | 2 | 2003-10-01 | p. 87-96 | 1376-0963 | |
| 856 | 4 | 1 | _uhttps://shs.cairn.info/revue-pensee-plurielle-2003-2-page-87?lang=fr&redirect-ssocas=7080 |
| 999 |
_c1593523 _d1593523 |
||